00307nam a2200097Ia 4500008004000000082001500040100002500055245006500080260005600145300000800201210210b1961 xxu||||| |||| 00| 0 eng d a320.5 BRON aBROWN (D Mackenzie). aNationalist movement : Indian political thought from Ranade. aLos Angeles.bUniversity of California Press.c1961 a244